[Event "Valasska Bystrice op"]
[Site "Valasska Bystrice"]
[Date "2023.09.11"]
[Round "4"]
[White "Zajicek, Tomas"]
[Black "Bajer, Jakub"]
[Result "1-0"]
[WhiteElo "1939"]
[BlackElo "1420"]
[PlyCount "127"]
[EventDate "2023.09.09"]
[EventType "swiss"]
[EventRounds "9"]
[EventCountry "CZE"]
[SourceTitle "EXT 2024"]
[Source "ChessBase"]
[SourceDate "2023.10.10"]
[SourceVersion "1"]
[SourceVersionDate "2023.10.10"]
[SourceQuality "1"]

1. e4 e5 2. Nf3 Nc6 3. Bc4 Bc5 4. 0-0 Nf6 5. d4 exd4 6. e5 d5 7. exf6 dxc4 8. Re1+ Be6 9. Ng5 gxf6 10. Nxe6 fxe6 11. Qh5+ Kd7 12. Qxc5 Qg8 13. Qxc4 Re8 14. c3 Qg4 15. Qe2 Qf5 16. Qe4 Qxe4 17. Rxe4 f5 18. Re1 e5 19. cxd4 Nxd4 20. Na3 Rhg8 21. Kf1 c5 22. Be3 Kc6 23. Bxd4 exd4 24. Rxe8 Rxe8 25. Re1 Rd8 26. Re7 b5 27. b3 d3 28. Ke1 a5 29. Kd2 a4 30. bxa4 b4 31. Nc4 Rd4 32. Nb2 c4 33. Nxc4 Rxc4 34. Kxd3 Rc3+ 35. Kd4 Rc2 36. Rxh7 Rxa2 37. Kc4 Rxf2 38. Rh6+ Kb7 39. Rg6 f4 40. Kxb4 f3 41. gxf3 Rxf3 42. Rg3 Rf2 43. h3 Rh2 44. Ra3 Ka6 45. Rg3 Rb2+ 46. Kc3 Rh2 47. Kd3 Ka5 48. Ke4 Kxa4 49. Kf4 Kb5 50. Kg5 Kc4 51. h4 Ra2 52. h5 Kd4 53. h6 Ra5+ 54. Kg6 Ra6+ 55. Kh5 Ra5+ 56. Rg5 Ra7 57. Rf5 Ke4 58. Kg6 Ra6+ 59. Rf6 Ra1 60. h7 Rg1+ 61. Kf7 Rh1 62. Kg7 Ke5 63. Rh6 Rg1+ 64. Rg6 1-0

[Event "Valasska Bystrice op"]
[Site "Valasska Bystrice"]
[Date "2023.09.09"]
[Round "1"]
[White "Oktavec, Ivan"]
[Black "Zajicek, Tomas"]
[Result "0-1"]
[WhiteElo "1574"]
[BlackElo "1939"]
[PlyCount "84"]
[EventDate "2023.09.09"]
[EventType "swiss"]
[EventRounds "9"]
[EventCountry "CZE"]
[SourceTitle "EXT 2024"]
[Source "ChessBase"]
[SourceDate "2023.10.10"]
[SourceVersion "1"]
[SourceVersionDate "2023.10.10"]
[SourceQuality "1"]

1. d4 Nf6 2. Bf4 d6 3. e3 Nbd7 4. Bd3 g6 5. c3 Bg7 6. Nd2 c6 7. a4 h6 8. h3 0-0 9. Ngf3 Re8 10. e4 e5 11. Be3 d5 12. Qc2 exd4 13. cxd4 dxe4 14. Nxe4 Nxe4 15. Bxe4 Nf6 16. Nd2 Nxe4 17. Nxe4 Bf5 18. f3 Bxe4 19. fxe4 Qh4+ 20. Bf2 Qxe4+ 21. Qxe4 Rxe4+ 22. Kd2 Bxd4 23. Kd3 f5 24. Bxd4 Rd8 25. Kc3 Rexd4 26. Rhg1 Rd3+ 27. Kc2 Rd2+ 28. Kc1 Re2 29. Ra3 Rdd2 30. Rb3 Rc2+ 31. Kb1 b6 32. g3 Kf7 33. Rc1 Rxc1+ 34. Kxc1 Re4 35. Rc3 c5 36. b3 g5 37. Kd2 f4 38. Rf3 Ke6 39. g4 Ke5 40. Rd3 Rd4 41. Ke2 Rxd3 42. Kxd3 Kd5 0-1

[Event "CZE-chT U18 Extraliga Ost 1617"]
[Site "Czech Republic"]
[Date "2016.12.03"]
[Round "5.1"]
[White "Husek, Martin"]
[Black "Zajicek, Tomas"]
[Result "1-0"]
[WhiteElo "2089"]
[BlackElo "2019"]
[PlyCount "153"]
[EventDate "2016.10.01"]
[EventType "team-tourn"]
[EventRounds "11"]
[EventCountry "CZE"]
[SourceTitle "EXT 2022"]
[Source "ChessBase"]
[SourceDate "2021.10.06"]
[SourceVersion "1"]
[SourceVersionDate "2021.10.06"]
[SourceQuality "1"]
[WhiteTeam "Stare Mesto U18"]
[BlackTeam "Hostalkova U18"]
[WhiteTeamCountry "CZE"]
[BlackTeamCountry "CZE"]

1. e4 c5 2. Nf3 Nc6 3. d4 cxd4 4. Nxd4 g6 5. c4 Bg7 6. Be3 Nf6 7. Nc3 Ng4 8. Qxg4 Nxd4 9. Qd1 Nc6 10. Qd2 0-0 11. Be2 d6 12. 0-0 b6 13. Rac1 Bb7 14. f4 Rc8 15. Nd5 e6 16. Nc3 Qe7 17. b3 Rcd8 18. Rcd1 Ba8 19. Rf2 Rfe8 20. Bg4 Nb8 21. Re2 Nd7 22. Bf3 Nc5 23. b4 Na6 24. Nb5 d5 25. exd5 Qxb4 26. Qxb4 Nxb4 27. Nc7 exd5 28. Nxe8 Rxe8 29. a3 d4 30. Bxa8 dxe3 31. Bb7 Re7 32. Rd8+ Bf8 33. axb4 Rxb7 34. Rxe3 Kg7 35. Rb3 Rc7 36. Rd4 a5 37. c5 bxc5 38. Rc4 axb4 39. Rbxb4 cxb4 40. Rxc7 Bd6 41. Rb7 h6 42. g3 h5 43. Kf2 h4 44. Kf3 hxg3 45. hxg3 Kf6 46. Ke4 Ke6 47. Rb6 f6 48. Ra6 g5 49. fxg5 fxg5 50. g4 Ke7 51. Kd5 Bf4 52. Rb6 Bd2 53. Ke5 Bf4+ 54. Ke4 Bd2 55. Rb5 Kf6 56. Rf5+ Kg6 57. Rd5 Bf4 58. Rd4 b3 59. Rb4 Kf6 60. Rxb3 Ke6 61. Rb6+ Kd7 62. Kd5 Kc7 63. Rg6 Kd7 64. Kc5 Kc8 65. Rg7 Kd8 66. Kd5 Ke8 67. Ke6 Kd8 68. Rd7+ Kc8 69. Rd3 Kc7 70. Kf5 Kc6 71. Rd4 Be3 72. Re4 Bd2 73. Re6+ Kd7 74. Rg6 Ke7 75. Rxg5 Bxg5 76. Kxg5 Kf7 77. Kh6 1-0

[Event "CZE-chT2E 1617"]
[Site "Czech Republic"]
[Date "2016.11.27"]
[Round "4.7"]
[White "Sysel, Michal"]
[Black "Zajicek, Tomas"]
[Result "1/2-1/2"]
[WhiteElo "1952"]
[BlackElo "2019"]
[PlyCount "41"]
[EventDate "2016.09.10"]
[EventType "team-tourn"]
[EventRounds "11"]
[EventCountry "CZE"]
[SourceTitle "EXT 2022"]
[Source "ChessBase"]
[SourceDate "2021.10.06"]
[SourceVersion "1"]
[SourceVersionDate "2021.10.06"]
[SourceQuality "1"]
[WhiteTeam "Brno Duras II"]
[BlackTeam "Hostalkova"]
[WhiteTeamCountry "CZE"]
[BlackTeamCountry "CZE"]

1. d4 Nf6 2. Nf3 g6 3. e3 Bg7 4. Bd3 0-0 5. 0-0 b6 6. b3 Bb7 7. Nbd2 d6 8. Bb2 Nbd7 9. c4 e5 10. d5 Nc5 11. Qc2 a5 12. e4 Nxd3 13. Qxd3 Nd7 14. Ne1 Nc5 15. Qe2 f5 16. f3 fxe4 17. Nxe4 Nxe4 18. fxe4 Rxf1+ 19. Qxf1 Qh4 20. Qe2 Rf8 21. Nf3 1/2-1/2

[Event "CZE-chT2E 1516"]
[Site "Czech Republic"]
[Date "2015.11.22"]
[Round "3.4"]
[White "Zajicek, Tomas"]
[Black "Karasek, Lukas"]
[Result "1/2-1/2"]
[WhiteElo "1989"]
[BlackElo "2201"]
[PlyCount "135"]
[EventDate "2015.10.18"]
[EventType "team-tourn"]
[EventRounds "11"]
[EventCountry "CZE"]
[SourceTitle "EXT 2022"]
[Source "ChessBase"]
[SourceDate "2021.10.06"]
[SourceVersion "1"]
[SourceVersionDate "2021.10.06"]
[SourceQuality "1"]
[WhiteTeam "Grygov II"]
[BlackTeam "Jihlava Gordic"]
[WhiteTeamCountry "CZE"]
[BlackTeamCountry "CZE"]

1. e4 c5 2. Nc3 e6 3. g3 d5 4. Bg2 dxe4 5. Nxe4 Be7 6. Ne2 Nc6 7. 0-0 Nf6 8. N2c3 0-0 9. d3 Bd7 10. Be3 b6 11. f4 Rc8 12. Nb5 Be8 13. Nbc3 Nd4 14. Nxf6+ Bxf6 15. Ne4 Nf5 16. Bc1 Bc6 17. c3 Be7 18. Qc2 Qd7 19. Rd1 Rfd8 20. Qe2 Qb7 21. b3 Rd7 22. Bb2 Rcd8 23. Rac1 Nd6 24. Nxd6 Rxd6 25. Bxc6 Qxc6 26. d4 Qd7 27. Rd3 Bf6 28. Rcd1 cxd4 29. cxd4 Rd5 30. Qe4 g6 31. Ba1 Rc8 32. R3d2 Rc6 33. Bb2 Qd6 34. Qe3 h5 35. Qe4 b5 36. Qe3 Ra6 37. Ba1 Rc6 38. Bb2 Qb4 39. Qe4 Qd6 40. Qe3 b4 41. Qe4 a5 42. Qd3 Qd7 43. Qe3 Qa7 44. Qe4 a4 45. Qf3 a3 46. Ba1 Qc7 47. Qe2 Rc1 48. Rxc1 Qxc1+ 49. Rd1 Qxa1 50. Rxa1 Bxd4+ 51. Kh1 Bxa1 52. g4 hxg4 53. Qxg4 Bc3 54. h4 Kf8 55. Kg1 Rd2 56. h5 gxh5 57. Qxh5 Bd4+ 58. Kh1 Rxa2 59. Qg5 Ra1+ 60. Kh2 f6 61. Qh6+ Ke7 62. Qg7+ Kd6 63. Qf8+ Kd5 64. Qa8+ Kd6 65. Qb8+ Kc5 66. Qa7+ Kd5 67. Qb7+ Kc5 68. Qa7+ 1/2-1/2

[Event "CZE-chT1E 1516"]
[Site "Czech Republic"]
[Date "2015.11.15"]
[Round "3.8"]
[White "Zajicek, Tomas"]
[Black "Novak, Jiri1111"]
[Result "1/2-1/2"]
[WhiteElo "2066"]
[BlackElo "1928"]
[PlyCount "36"]
[EventDate "2015.10.11"]
[EventType "team-tourn"]
[EventRounds "11"]
[EventCountry "CZE"]
[SourceTitle "CBM 169 Extra"]
[Source "ChessBase"]
[SourceDate "2015.12.18"]
[SourceVersion "1"]
[SourceVersionDate "2015.12.18"]
[SourceQuality "1"]
[WhiteTeam "Grygov"]
[BlackTeam "Orlova Slavia"]
[WhiteTeamCountry "CZE"]
[BlackTeamCountry "CZE"]

1. e4 e5 2. Nf3 Nc6 3. Bc4 Bc5 4. 0-0 d6 5. h3 Na5 6. Bb5+ c6 7. Be2 b5 8. c3 Bb6 9. d4 exd4 10. cxd4 Ne7 11. d5 a6 12. dxc6 0-0 13. Bf4 Bc7 14. Qc2 Naxc6 15. Rd1 Bb7 16. Nc3 Qb8 17. Nd5 Nxd5 18. exd5 Ne7 1/2-1/2

[Event "CZE-chT1E 1516"]
[Site "Czech Republic"]
[Date "2015.10.25"]
[Round "2.8"]
[White "Zalesky, Karel"]
[Black "Zajicek, Tomas"]
[Result "1-0"]
[WhiteElo "2037"]
[BlackElo "2066"]
[PlyCount "55"]
[EventDate "2015.10.11"]
[EventType "team-tourn"]
[EventRounds "11"]
[EventCountry "CZE"]
[SourceTitle "CBM 169 Extra"]
[Source "ChessBase"]
[SourceDate "2015.12.18"]
[SourceVersion "1"]
[SourceVersionDate "2015.12.18"]
[SourceQuality "1"]
[WhiteTeam "Opava "]
[BlackTeam "Grygov"]
[WhiteTeamCountry "CZE"]
[BlackTeamCountry "CZE"]

1. e4 c5 2. Nf3 Nc6 3. d4 cxd4 4. Nxd4 g6 5. Bc4 Bg7 6. Be3 Nf6 7. Nc3 0-0 8. Nxc6 bxc6 9. f3 Qa5 10. 0-0 Bb7 11. Qd2 Qc7 12. Qf2 d5 13. Be2 Bc8 14. Rab1 Rd8 15. Rfd1 e5 16. exd5 Nxd5 17. Bg5 f6 18. Bd2 Nxc3 19. Bxc3 Bf5 20. Bc4+ Kh8 21. g4 Bd7 22. Kg2 f5 23. g5 Be8 24. Qc5 Qb6 25. Qxe5 Qb7 26. Qe6 Rd5 27. Rxd5 Bf7 28. Rd7 1-0

[Event "CZE-chT2F 1415"]
[Site "Czech Republic"]
[Date "2015.03.15"]
[Round "9.57"]
[White "Zajicek, Tomas"]
[Black "Kantor, Pavel"]
[Result "1-0"]
[WhiteElo "1942"]
[BlackElo "1815"]
[PlyCount "107"]
[EventDate "2014.11.02"]
[EventType "team-tourn"]
[EventRounds "11"]
[EventCountry "CZE"]
[SourceTitle "EXT 2022"]
[Source "ChessBase"]
[SourceDate "2021.10.06"]
[SourceVersion "1"]
[SourceVersionDate "2021.10.06"]
[SourceQuality "1"]
[WhiteTeam "Grygov II"]
[BlackTeam "Mosty u Jablunkova"]
[WhiteTeamCountry "CZE"]
[BlackTeamCountry "CZE"]

1. e4 c6 2. d4 d5 3. exd5 cxd5 4. c4 Nf6 5. Nc3 Nc6 6. Be3 e6 7. Nf3 Bd6 8. Bd3 dxc4 9. Bxc4 0-0 10. 0-0 a6 11. Bg5 Qc7 12. Bxf6 gxf6 13. Ne4 Be7 14. Rc1 Qf4 15. Qe2 f5 16. Ng3 Nxd4 17. Nxd4 Qxd4 18. Nxf5 exf5 19. Qxe7 Qxb2 20. Rcd1 Qg7 21. Rfe1 f4 22. Rd8 Bf5 23. Rxa8 Rxa8 24. Qxb7 Rf8 25. Bxa6 Be6 26. a4 Qg5 27. Bf1 Qa5 28. Qe4 Bf5 29. Qe5 Qb4 30. Rc1 Be6 31. a5 Ra8 32. a6 Qd2 33. Rc7 h6 34. Rb7 Qc1 35. Rb8+ Rxb8 36. Qxb8+ Kh7 37. Qxf4 Qa1 38. Qe4+ Kg7 39. h3 Qa2 40. Qd4+ f6 41. Kh2 Bd5 42. Bd3 Qa5 43. Qg4+ Kf8 44. Qf5 Qc7+ 45. f4 Qc6 46. Qg6 Ke7 47. Qxh6 Qa4 48. Qh7+ Kd6 49. Qf5 Qd4 50. h4 Be6 51. Qe4 Qf2 52. Qb4+ Kc7 53. Qe7+ Bd7 54. Qxf6 1-0

[Event "Morava-ch U14"]
[Site "Kouty nad Desnou"]
[Date "2012.10.27"]
[Round "7"]
[White "Zajicek, Tomas"]
[Black "Horvath, Tomas"]
[Result "1/2-1/2"]
[WhiteElo "1710"]
[BlackElo "1477"]
[PlyCount "68"]
[EventDate "2012.10.24"]
[EventType "swiss"]
[EventRounds "9"]
[EventCountry "CZE"]
[SourceTitle "EXT 2015"]
[Source "ChessBase"]
[SourceDate "2014.11.20"]
[SourceVersion "1"]
[SourceVersionDate "2014.11.20"]
[SourceQuality "1"]

1. e4 e6 2. d4 d5 3. e5 c5 4. c3 Qb6 5. Nf3 Nc6 6. a3 cxd4 7. cxd4 Nh6 8. b4 Nf5 9. Be3 Be7 10. Be2 0-0 11. 0-0 f6 12. exf6 Bxf6 13. Nc3 Nfxd4 14. Nxd4 Nxd4 15. Bg4 Bd7 16. Nxd5 exd5 17. Bxd7 Rad8 18. Bg4 g6 19. Rc1 Bg7 20. Rc5 Qf6 21. Bxd4 Qxd4 22. Be6+ Kh8 23. Rxd5 Rxd5 24. Bxd5 Rxf2 25. Qxd4 Rxf1+ 26. Kxf1 Bxd4 27. Bxb7 Kg7 28. Ke2 Kf6 29. Kd3 Bb6 30. Kc4 Ke5 31. a4 Kd6 32. Bf3 Bg1 33. h3 Bf2 34. Bd5 h6 1/2-1/2

[Event "Morava-ch U14"]
[Site "Kouty nad Desnou"]
[Date "2012.10.26"]
[Round "5"]
[White "Zajicek, Tomas"]
[Black "Fialka, Adam"]
[Result "1-0"]
[WhiteElo "1710"]
[BlackElo "1427"]
[PlyCount "116"]
[EventDate "2012.10.24"]
[EventType "swiss"]
[EventRounds "9"]
[EventCountry "CZE"]
[SourceTitle "EXT 2015"]
[Source "ChessBase"]
[SourceDate "2014.11.20"]
[SourceVersion "1"]
[SourceVersionDate "2014.11.20"]
[SourceQuality "1"]

1. e4 c5 2. Nc3 e6 3. g3 a6 4. Bg2 d6 5. d3 Nc6 6. Be3 Nf6 7. h3 Be7 8. Nge2 Qc7 9. 0-0 b5 10. Qd2 Bb7 11. f4 0-0 12. g4 h6 13. Ng3 b4 14. Nd1 e5 15. Nf5 Nd4 16. Nxe7+ Qxe7 17. c3 bxc3 18. bxc3 exf4 19. Bxf4 Ne6 20. Be3 Rad8 21. Nb2 Nc7 22. Rae1 Ne6 23. Nc4 Qc7 24. Qf2 Nd7 25. Rb1 Ba8 26. Rb2 Ne5 27. Nxe5 dxe5 28. Qe2 Nf4 29. Bxf4 exf4 30. Rfb1 Rb8 31. Qf2 Rxb2 32. Rxb2 Qe5 33. d4 cxd4 34. cxd4 Qg5 35. Rb6 Qa5 36. d5 Rd8 37. Rb2 g5 38. Rb1 Qa3 39. Qb6 Qe3+ 40. Qxe3 fxe3 41. Re1 Kg7 42. Rxe3 Bb7 43. Rb3 Bc8 44. Rb6 f6 45. Bf1 Re8 46. Bg2 Kg6 47. Bf3 Re7 48. Kf2 Rb7 49. Rxb7 Bxb7 50. Ke3 Kf7 51. Kd4 Bc8 52. Kc5 Bd7 53. Be2 h5 54. Kd6 hxg4 55. Kxd7 gxh3 56. Bf3 f5 57. exf5 Kf6 58. Kc7 Kxf5 1-0